00501 2200193 4500001002100000005001500021008004100036020002200077035001900099041000700118082001000125090001600135100002600151245003400177260002500211300003200236500001000268650002900278INLIS00000000000346420241224112728241224||||||||| | ||| |||| || |  a978-602-8185-82-0 0010-1224003464 aid0 a738.1 a738.1 YEN k0 aYenni Patrianni Yakub00aKreatif Membuat Aneka Keramik aBogorbHorizonc2010 avi, 90 hlm. :ilus, ; 24 cm. aCet.1 0aIlmu Kesenian & Olahraga